Funny Exam Answers II Quiz Stats

 Plays Quiz Updated Jun 19, 2018

Score 0/15 Timer 05:00
4 Plays Today
% Correct
Metallica, Iron Maiden, Megadeth, and Slayer
95.9%
No time at all, since the wall is already built
95.8%
1895
95.7%
Diabetes
94.7%
Around Hadrian's garden
91.7%
Unusual names
90.8%
Learning to speak Latin
89%
Mosquitoes
88.7%
% Correct
He invented cigarettes and started a craze for bicycles
87.8%
A little lie
87.8%
The Hunger Games
83.8%
A short, sarcastic poem
82.5%
Liquid
81.3%
Nearby
71.2%
A large piece of land surrounded by water
70.8%

You're not logged in!

Compare scores with friends on all Sporcle quizzes.
OR
Log In

Sporcle TV

Today on Sporcle TV


Watch our educational content, quiz creation guides, and fun videos on Sporcle TV.

Show Comments

Extras

Top Quizzes Today


Score Distribution

Your Account Isn't Verified!

In order to create a playlist on Sporcle, you need to verify the email address you used during registration. Go to your Sporcle Settings to finish the process.

Report this User

Report this user for behavior that violates our Community Guidelines.

Details: